That's So True - Gracie Abrams - Statistics

General Stats
  • This quiz has been taken 110 times
  • The average score is 277 of 324
Answer Stats
Hint Answer % Correct
Verse 1 I
100%
you
98%
You
98%
a
96%
it
96%
it,
96%
that
96%
that's
96%
That's
96%
the
96%
Think
96%
think
96%
your
96%
I'm
94%
my
94%
so
94%
from
93%
go
93%
No,
93%
she
93%
an
91%
and
91%
life
91%
life,
91%
out
91%
to
91%
Pre-Chorus You're
91%
you're
91%
But
89%
but
89%
cool"
89%
Did
89%
did
89%
do
89%
eyes
89%
her
89%
her,
89%
me,
89%
me
89%
on
89%
"She's
89%
she's
89%
should
89%
been
87%
in
87%
know,
87%
know
87%
lost
87%
now
87%
Now
87%
room
87%
there
87%
across
85%
all
85%
all,
85%
bet
85%
Bet
85%
fine,
85%
I've
85%
Oh
85%
oh
85%
thinking,
85%
too,
85%
Wait,
85%
coffin
83%
idiot,
83%
just
83%
Bridge Made
83%
mind
83%
read
83%
Said
83%
said
83%
sure
83%
Taking
83%
taking
83%
time
83%
warn
83%
was
83%
when
83%
about
81%
dumb
81%
face
81%
like,
81%
like
81%
making
81%
off?
81%
off
81%
positive,
81%
true,
81%
big
80%
blue
80%
couch,
80%
could
80%
died
80%
how
80%
make
80%
not
80%
Not
80%
Remember
80%
what
80%
yeah,
80%
alive,
78%
back
78%
hate
78%
I'll
78%
Or
78%
started
78%
cry
76%
Don't
76%
earrings
76%
feeling?
76%
fuck
76%
fun
76%
house,
76%
Looking
76%
once
76%
twice,
76%
up
76%
fight,
74%
God
74%
hurt
74%
Chorus Ooh,
74%
ooh
74%
ooh,
74%
outside
74%
walking?
74%
catch
72%
catch,
72%
get
72%
glass
72%
Kicking
72%
night,
70%
prize,
70%
prize
70%
shirt,
70%
sorry
70%
vibe?
70%
ceiling,
69%
down
69%
got
69%
missing
69%
sad,
69%
sad
69%
spend
69%
through
69%
another
67%
boy
67%
dude
67%
evolved
67%
hair
67%
put
67%
Living
65%
business,
63%
had
63%
into
63%
ya
63%
Smiling
61%
Verse 2 What'd
59%
Well
57%
you've
56%
No matching quizzes found
Score Distribution
Percent of People with Each Score
Percentile by Number Answered
Your Score History
You have not taken this quiz